000 00753nam a2200205Ii 4500
003 JO-AjNU
008 230605s9999||||xx |||||||||||||| ||und||
040 _aJO-AjNU
_bara
_erda
_cJO-AjNU
041 _aara
050 1 4 _aJQ1825.J6.S5264.1990
100 3 _aشطناوي ، علي خطار ,
_eauthor
_97248
245 0 0 _aنظرية المؤسسات العامة وتطبيقاتها في المملكة الأردنية الهاشمية
250 _aط1
264 3 1 _aعمان : دار الفكر ، 1990
300 _a208ص
336 _atext
_btxt
_2rdacontent
337 _aunmediated
_bn
_2rdamedia
338 _avolume
_bnc
_2rdacarrier
650 4 _aالادارة العامة -- الاردن -- نظرية المؤسسات العامة
_97249
999 _aA184
_c3752
_d3752